Deuda externa y política tributaria en América Latina: un ejercicio en cinco pasos /
Ahonda en la correlación existente entre la incapacidad política de los Estados latinoamericanos de movilizar suficientes recursos internos para financiarse, por una parte, y la tendencia crónica de los mismos de adoptar una política financiera de alto riesgo, a menudo con consecuencias desastrosas....
Đã lưu trong:
| Tác giả chính: | |
|---|---|
| Định dạng: | Texto |
| Những chủ đề: | |
| Các nhãn: |
Thêm thẻ
Không có thẻ, Là người đầu tiên thẻ bản ghi này!
|
MARC
| LEADER | 00000 a a2200000 04500 | ||
|---|---|---|---|
| 001 | 5023 | ||
| 003 | |||
| 040 | |||
| 100 | |a Boeckh, Andreas | ||
| 245 | |a Deuda externa y política tributaria en América Latina: |b un ejercicio en cinco pasos / |c Andreas Boeckh | ||
| 520 | |a Ahonda en la correlación existente entre la incapacidad política de los Estados latinoamericanos de movilizar suficientes recursos internos para financiarse, por una parte, y la tendencia crónica de los mismos de adoptar una política financiera de alto riesgo, a menudo con consecuencias desastrosas. Para la década de 1980, la correlación fue obvia, cuando en muchos países del subcontinente, el tema de las reformas impositivas se discutía y tales reformas sólo se implementaban después de cerrarse otras vías de financiamiento, la inflación y las deudas externas. En la actualidad las reformas tributarias son parte de las políticas de ajuste promovidas por el Fondo Monetario Internacional (FMI) y por los bancos de desarrollo, con el fin de reducir las distorsiones en los sistemas tributarios y sobre todo de ampliar la base tributaria. Con referencia al tema se indica que la relación casi patológica existente entre el Estado y las partes de la sociedad, influyen de forma determinante en la cuestión de los impuestos y en las posibilidades que tiene el Estado de financiarse de una manera sólida. Se añade que el futuro dirá si las actuales reformas neoliberales y la prevalencia de las relaciones de mercado producirán un patrón diferente de esta relación, un Estado que adopta ciertas reglas con confianza y una sociedad que acepta al Estado como una institución necesaria y útil |a de todas formas el éxito o fracaso de las actuales reformas será una buena indicación sobre el camino a seguir. OB/LOB | ||
| 650 | |a DEUDA EXTERNA | ||
| 650 | |a POLITICA FISCAL | ||
| 650 | |a PAISES EN DESARROLLO | ||
| 650 | |a ESTADO | ||
| 650 | |a POLITICA FINANCIERA | ||
| 650 | |a FMI | ||
| 650 | |a MERCADO INTERNACIONAL | ||
| 650 | |a BANCO MUNDIAL | ||
| 650 | |a POBREZA | ||
| 773 | |g volumen 5, número 1 -2; páginas 11-30 | ||
| 999 | |c 34274 |d 34274 | ||
